Nemáme dobrý vzťah ku krajine
Súčasné urbanistické plány a udržateľný rozvoj miest. Kvalita života a Európsky dohovor o krajine. Ochrana kultúrneho dedičstva a zachovanie biologickej rozmanitosti. Hodnotenie urbanistických zásahov na životné prostredie. Slovenská agentúra životného prostredia.
Uložené v:
| Hlavný autor: | |
|---|---|
| Médium: | Kapitola |
| Jazyk: | Slovak |
| Predmet: | |
| Tagy: |
Žiadne tagy, Buďte prvý, kto otaguje tento záznam!
|
MARC
| LEADER | 00000naa$a2200000$$$4500 | ||
|---|---|---|---|
| 001 | 0117115 | ||
| 005 | 20231005102516.0 | ||
| 041 | 0 | |a slo | |
| 044 | |a SK | ||
| 245 | 1 | 0 | |a Nemáme dobrý vzťah ku krajine |c M. Hudec |
| 520 | |a Súčasné urbanistické plány a udržateľný rozvoj miest. Kvalita života a Európsky dohovor o krajine. Ochrana kultúrneho dedičstva a zachovanie biologickej rozmanitosti. Hodnotenie urbanistických zásahov na životné prostredie. Slovenská agentúra životného prostredia. | ||
| 610 | 2 | 0 | |a Slovensko |
| 610 | 2 | 0 | |a regióny |
| 610 | 2 | 0 | |a prostredie krajinné |
| 610 | 2 | 0 | |a urbanizácia |
| 610 | 2 | 0 | |a plánovanie regionálne |
| 610 | 2 | 0 | |a plánovanie územné |
| 610 | 2 | 0 | |a prostredie životné |
| 610 | 2 | 0 | |a rozvoj trvalo udržateľný |
| 610 | 2 | 0 | |a kvalita života |
| 100 | 1 | |a Hudec, Marián | |